Metropolitan Area Economic Overview (Record no. 119306)
[ view plain ]
| 000 -LEADER | |
|---|---|
| fixed length control field | 01022cas a22002295 4500 |
| 001 - CONTROL NUMBER | |
| control field | L152441 |
| 008 - FIXED-LENGTH DATA ELEMENTS--GENERAL INFORMATION | |
| fixed length control field | 110308c2010 xxuqr ws s 0 a0eng u |
| 035 ## - SYSTEM CONTROL NUMBER | |
| System control number | (Sirsi) u152441 |
| 041 0# - LANGUAGE CODE | |
| Language code of text/sound track or separate title | eng |
| 050 ## - LIBRARY OF CONGRESS CALL NUMBER | |
| Classification number | 333.33 $2 18 |
| 110 2# - MAIN ENTRY--CORPORATE NAME | |
| Corporate name or jurisdiction name as entry element | NAI Global |
| 9 (RLIN) | 5315 |
| 245 00 - TITLE STATEMENT | |
| Title | Metropolitan Area Economic Overview |
| Medium | [electronic resource] |
| 260 ## - PUBLICATION, DISTRIBUTION, ETC. | |
| Place of publication, distribution, etc. | Princeton |
| Name of publisher, distributor, etc. | NAI Global |
| Date of publication, distribution, etc. | 2010- |
| 362 0# - DATES OF PUBLICATION AND/OR SEQUENTIAL DESIGNATION | |
| Dates of publication and/or sequential designation | Current datasheet only |
| 490 #0 - SERIES STATEMENT | |
| Series statement | NAI Global Metropolitan Area Economic Overview |
| Volume/sequential designation | 2010- |
| 520 ## - SUMMARY, ETC. | |
| Summary, etc. | Presents datasheets for major cities in all US states covering the office, industrial, retail, and development land markets. Data includes low, high and effective average rents, vacancy rates, and investment yields. |
| 554 ## - | |
| -- | Updated annually |
| 651 #4 - SUBJECT ADDED ENTRY--GEOGRAPHIC NAME | |
| Geographic name | United States |
| Chronological subdivision | 1959- |
| 690 ## - LOCAL SUBJECT ADDED ENTRY--TOPICAL TERM (OCLC, RLIN) | |
| Topical term or geographic name as entry element | PROPERTY-COMMERCIAL PROPERTY-COMMERCIAL PROPERTY MARKET |
| 856 48 - ELECTRONIC LOCATION AND ACCESS | |
| Uniform Resource Identifier | <a href="https://www.naiglobal.com/mr.aspx?page=United%20States&pageTitle=Market%20Research">https://www.naiglobal.com/mr.aspx?page=United%20States&pageTitle=Market%20Research</a> |
| Public note | View the datasheets free of charge at www.naiglobal.com |
| 942 ## - ADDED ENTRY ELEMENTS (KOHA) | |
| Suppress in OPAC | 0 |
| Withdrawn status | Lost status | Source of classification or shelving scheme | Damaged status | Not for loan | Home library | Current library | Shelving location | Date acquired | Total Checkouts | Full call number | Barcode | Date last seen | Copy number | Price effective from | Koha item type |
|---|---|---|---|---|---|---|---|---|---|---|---|---|---|---|---|
| Dewey Decimal Classification | Virtual | Virtual | Online | 08/03/2011 | ONLINE PUBLICATION | 152441-2001 | 06/08/2019 | 1 | 06/08/2019 | Book |